000 00998nam a2200241 a 4500
008 120220s2007 ||||||||||||||||| || u
020 _a9780750688963
050 _aRE 952.9 Cli
100 _aElliott, David B
245 1 0 _aClinical procedures in primary eye care. -- 3rd ed.
_cedited by David B. Elliott
250 _a3rd ed.
260 _aEdinburgh
_bButterworth-Heinemann
_c2007
300 _axiii, 342p.: ill.
350 _a0.00
500 _aBibliography
650 _aVISION DISORDERS--DIAGNOSIS--HANDBOOKS, MANUALS, ETC
650 _aOPTOMETRY--HANDBOOKS, MANUALS, ETC
650 _aOCULAR MOTILITY DISORDERS--DIAGNOSIS--HANDBOOKS, MANUALS, ETC
650 _aVISION DISORDERS--THERAPY--HANDBOOKS
650 _aOPTOMETRY--METHODS--HANDBOOKS, MANUALS, ETC
650 _aVISION TESTS--HANDBOOKS
995 _aMEDICAL LIBRARY OPEN ACCESS
_e901552
_FCBU-SCHOOL OF MEDICINE LIBRARY (Ndola)
_I0.00
_jRE 952.9 Cli
_M1
_UAVAILABLE
_WJun 28, 2012
_y901552
_ZMedical Library Open Access Collection
999 _c31049
_d31049